000 00527nam a2200169Ia 4500
999 _c35369
_d35369
003 OSt
005 20201216112139.0
008 190216s9999||||xx |||||||||||||| ||und||
040 _coclc
082 _a001
_bANN/T
100 _aAnno, Mitsumasa
_97572
245 4 _aThe Children`s Treasury Of Knowledge :
_bLife And Leisure /
_cMitsumasa Anno
260 _bTime Life Books,
_c1975.
_aNew York:
300 _a111p
650 _aChildren`S Treasury Of Knowledge
942 _cREF
_2ddc
_h001
_iANN/T
_k001
_mANN/T